- Carril, Salvador María del,
Entrada Nombre personal
Número de registros utilizados en: 2
001 - NÚMERO DE CONTROL
- campo de control: 5612
003 - IDENTIFICADOR DEL NÚMERO DE CONTROL
- campo de control: AR-BaAGN
005 - FECHA Y HORA DE LA ÚLTIMA TRANSACCIÓN
- campo de control: 20231117102238.0
008 - ELEMENTOS DE DATO DE LONGITUD-FIJA
- campo de control de longitud fija: 230908|| ac|||aabn | a|a d
024 7# - IDENTIFICADOR DE OTROS ESTÁNDARES
- Número estándar o código: Q7406435
- Fuente: wikidata
024 7# - IDENTIFICADOR DE OTROS ESTÁNDARES
- Número estándar o código: 58972572
- Fuente: viaf
024 7# - IDENTIFICADOR DE OTROS ESTÁNDARES
- Número estándar o código: 000000004960843X
- Fuente: isni
040 ## - FUENTE DE CATALOGACIÓN
- Centro catalogador/agencia de origen: AR-BaBN
- Lengua de catalogación: spa
- Normas de descripción: aacr
- Centro/agencia modificador: AR-BaAGN
100 1# - ENCABEZAMIENTO-NOMBRE DE PERSONA
- Nombre de persona: Carril, Salvador María del,
- Fechas asociadas al nombre: 1798-1883
370 ## - LUGAR ASOCIADO
- Lugar de nacimiento: San Juan
- Lugar de fallecimiento: Buenos Aires
372 ## - CAMPO DE ACTIVIDAD
- Campo de actividad: Derecho
372 ## - CAMPO DE ACTIVIDAD
- Campo de actividad: Política
374 ## - OCUPACIÓN
- Ocupación: Abogados
374 ## - OCUPACIÓN
- Ocupación: Políticos
670 ## - FUENTE DE DATOS ENCONTRADOS
- Cita de la fuente: Discurso de clausura de la Primera Sesión Ordinaria del Congreso Lejislativo Federal, 1855.
670 ## - FUENTE DE DATOS ENCONTRADOS
- Cita de la fuente: WWW Genealogia familiar.net, 06 feb. 2018:
- Información encontrada: (Salvador María del Carril de la Rosa; n. 10 ago 1798 San Juan, Argentina; m. 10 ene 1883 Buenos Aires, Argentina)
670 ## - FUENTE DE DATOS ENCONTRADOS
- Cita de la fuente: WWW Wikipedia, 06 feb. 2018:
- Información encontrada: (Salvador María del Carril (San Juan, 5 de agosto de 1798; m. Buenos Aires, 10 de enero de 1883); jurista y político argentino; Gobernador de San Juan (1823-25); primer vicepresidente de la Confederación Argentina (1854-60); Ministro de la Corte Suprema de Justicia de la Nación Argentina (1862-77))
